000
00207 a2200097 4500
001
19027
100
_a
Jog, D S
245
_a
Intermediate Physics
260
_a
_b
Karnatak Pubs
_c
1949
090
_c
14098
_d
14098
942
_a
NUST-CAE
_c
M
_c
4556
999
_c
254100
_d
254100